000 00395nam a22001577a 4500
005 20231004144013.0
008 231004b |||||||| |||| 00| 0 eng d
020 _a81-89308-06-8
041 _aeng
100 _aMAHARAJ,SWAMI ADGADANANDJI
_98200
245 _aYATHARTH GEETA
260 _aFARIDABAD
_bSHREE PARAMHANS ASHRAM
_c2023
300 _a472;p
650 _aLETERATURE
_98201
942 _cBK
999 _c8423
_d8421